[Event "ICS rated blitz match"]
[Site "207.99.83.229"]
[Date "1999.05.28"]
[Round "?"]
[White "jacdion"]
[Black "Hossa"]
[Result "1-0"]
[WhiteElo "2800"]
[BlackElo "2553"]
[PlyCount "104"]

1. e4 c5 2. Nf3 d6 3. d4 cxd4 4. Nxd4 Nf6 5. Nc3 g6 6. Be3 Bg7 7. f3 Nc6 8. Qd2
Nxd4 9. Bxd4 O-O 10. Be2 Qa5 11. Rb1 Be6 12. O-O Qh5 13. Rbd1 a5 14. Bb5 Bh6
15. Be3 Bg7 16. Nd5 Nxd5 17. exd5 Bc8 18. Rfe1 e5 19. c4 Bf6 20. c5 Bh4 21. Re2
Be7 22. Bh6 Rd8 23. cxd6 Bxd6 24. Bg5 Bd7 25. Bxd8 Bc5+ 26. Kh1 Bxb5 27. Re4
Bb4 28. Qe3 Rxd8 29. Qb6 Qg5 30. Rg4 Qe7 31. Qxb5 Qc5 32. Qc4 Qb6 33. a3 Bc5
34. b4 axb4 35. axb4 Bd6 36. Qe2 Rd7 37. Re4 Qd8 38. b5 Bb8 39. Rc4 Qe8 40. f4
f6 41. fxe5 fxe5 42. Qg4 Rd8 43. b6 h5 44. Qg5 Rd6 45. Rdc1 Rd8 46. Qxd8 Qxd8
47. Rc8 Qf8 48. Rxf8+ Kxf8 49. Rc8+ Ke7 50. Rxb8 Kd6 51. Rxb7 Kc5 52. d6 52...
Kxd6 {Hossa resigns} 1-0

[Event "ICS rated blitz match"]
[Site "207.99.83.229"]
[Date "1999.05.28"]
[Round "?"]
[White "egghead"]
[Black "Hossa"]
[Result "1/2-1/2"]
[WhiteElo "2482"]
[BlackElo "2547"]
[PlyCount "36"]

1. e4 c5 2. Nf3 d6 3. d4 cxd4 4. Nxd4 Nf6 5. Nc3 g6 6. Be2 Bg7 7. O-O O-O 8.
Bg5 Nc6 9. Nb3 a5 10. a4 Be6 11. Kh1 Rc8 12. f4 Qd7 13. Bb5 Bxb3 14. cxb3 Qe6
15. Bc4 Qd7 16. Bb5 Qe6 17. Bc4 Qd7 18. Bb5 18... Qe6 {Game drawn by repetition
} 1/2-1/2

[Event "ICS rated blitz match"]
[Site "207.99.83.229"]
[Date "1999.05.28"]
[Round "?"]
[White "Hossa"]
[Black "egghead"]
[Result "1/2-1/2"]
[WhiteElo "2544"]
[BlackElo "2485"]
[PlyCount "169"]

1. e4 e5 2. Nf3 Nc6 3. d4 exd4 4. Nxd4 Bc5 5. Be3 Qf6 6. c3 Nge7 7. Bc4 d6 8.
O-O Ne5 9. Nb5 Bg4 10. Qa4 O-O 11. Nxc7 Rac8 12. Nd5 Nxd5 13. Bxd5 Be2 14. Nd2
b5 15. Qa6 Bxe3 16. fxe3 Bxf1 17. Rxf1 Qe7 18. Nb3 Qd7 19. Nd4 Rb8 20. b3 Rb6
21. Qa5 Rc8 22. Rf5 Re8 23. Nf3 Re7 24. Nd4 Ng4 25. Rf3 Nf6 26. Qb4 Kf8 27. c4
bxc4 28. Qxc4 Nxe4 29. Bxf7 Rxf7 30. Ne6+ Ke8 31. Qxe4 Rxf3 32. gxf3 g6 33.
Ng5+ Qe7 34. Nxh7 d5 35. Qxe7+ Kxe7 36. Ng5 Rf6 37. Kf1 Ra6 38. Nh3 Rxa2 39.
Nf4 d4 40. exd4 Kf7 41. Nd3 Rxh2 42. Ne5+ Kg7 43. b4 Rc2 44. Ke1 Kf6 45. Kd1
Ra2 46. Nc6 Ke6 47. b5 Kd6 48. Kc1 g5 49. Kb1 Ra4 50. Kc2 a6 51. Na7 axb5 52.
Nxb5+ Kc6 53. Nc3 Rxd4 54. Ne2 Rd5 55. f4 gxf4 56. Nxf4 Rd6 57. Kc3 Kc5 58. Kb3
Rf6 59. Nd3+ Kd4 60. Kc2 Rf3 61. Nb2 Rf2+ 62. Kb3 Rf1 63. Kb4 Rf7 64. Nd1 Rb7+
65. Ka3 Rb1 66. Nb2 Kc3 67. Na4+ Kc2 68. Nc5 Rb5 69. Ne6 Re5 70. Nc7 Kc3 71.
Ka4 Kc4 72. Na6 Re7 73. Ka5 Re6 74. Nc7 Rd6 75. Na6 Rc6 76. Nb8 Re6 77. Nd7 Re4
78. Nb6+ Kc5 79. Nd7+ Kc6 80. Nb6 Re5+ 81. Ka6 Rb5 82. Nc8 Kc5 83. Ka7 Rb1 84.
Ka6 Rb8 85. Na7 {egghead ran out of time and Hossa has no material to mate}
1/2-1/2

[Event "ICS rated blitz match"]
[Site "207.99.83.229"]
[Date "1999.05.28"]
[Round "?"]
[White "Hossa"]
[Black "Chemberlen"]
[Result "0-1"]
[WhiteElo "2541"]
[BlackElo "2508"]
[PlyCount "123"]

1. e4 c6 2. d4 d5 3. exd5 cxd5 4. Nf3 Bg4 5. Bb5+ Nc6 6. O-O e6 7. Bxc6+ bxc6
8. Nbd2 Bd6 9. c4 Ne7 10. cxd5 cxd5 11. Qa4+ Qd7 12. Qxd7+ Kxd7 13. Re1 f6 14.
h3 Bh5 15. b3 Rhc8 16. Rf1 a5 17. Rb1 a4 18. b4 a3 19. Rb3 Rc2 20. Bxa3 Rxa2
21. Bc1 Rb8 22. b5 Ra5 23. b6 Ra6 24. b7 Ra7 25. Re1 Raxb7 26. Rbe3 Bf7 27. Ba3
Nc6 28. Bxd6 Kxd6 29. Nf1 Rb1 30. Ng3 Rxe1+ 31. Rxe1 Rb4 32. Rd1 g5 33. Kf1 h5
34. Ne2 h4 35. g3 Bh5 36. g4 Bg6 37. Ne1 Rb1 38. Rxb1 Bxb1 39. Nc3 Bg6 40. Nb5+
Kd7 41. Kg2 e5 42. dxe5 fxe5 43. Kh2 Be4 44. Nc3 Nd4 45. Nxe4 dxe4 46. Ng2 Nc2
47. Ne3 Nxe3 48. fxe3 Kc6 49. Kg2 Kc5 50. Kf2 Kc4 51. Ke2 Kc3 52. Ke1 Kd3 53.
Kf2 Kd2 54. Kf1 Kxe3 55. Ke1 Kf3 56. Kd2 e3+ 57. Kd3 e2 58. Kd2 Kf2 59. Kc3
e1=Q+ 60. Kb3 Qc1 61. Ka4 Ke3 62. Kb4 {Hossa resigns} 0-1

[Event "ICS rated blitz match"]
[Site "207.99.83.229"]
[Date "1999.05.28"]
[Round "?"]
[White "XXXX-2"]
[Black "Hossa"]
[Result "0-1"]
[WhiteElo "2540"]
[BlackElo "2523"]
[PlyCount "62"]

1. d4 d5 2. Nf3 Nf6 3. c4 e6 4. Bg5 Bb4+ 5. Nc3 O-O 6. e3 Bxc3+ 7. bxc3 Nc6 8.
Be2 dxc4 9. Bxc4 h6 10. Bxf6 Qxf6 11. O-O Qg6 12. Bd3 Qg4 13. Rb1 a5 14. h3 Qh5
15. Rb5 f5 16. e4 Re8 17. Re1 Ne7 18. exf5 exf5 19. Rc5 Nc6 20. Rxe8+ Qxe8 21.
Qb3+ Kh8 22. Qc4 Be6 23. Qb5 Qb8 24. Bxf5 Bxa2 25. Qb2 Bf7 26. Qa1 a4 27. Qa3
Qf8 28. Qa1 Be8 29. h4 a3 30. c4 Nxd4 31. Rxc7 31... Nxf5 {XXXX-2 resigns} 0-1

[Event "ICS rated blitz match"]
[Site "207.99.83.229"]
[Date "1999.05.28"]
[Round "?"]
[White "Quaestor"]
[Black "Hossa"]
[Result "1-0"]
[WhiteElo "2773"]
[BlackElo "2540"]
[PlyCount "104"]

1. d4 d5 2. c4 e6 3. Nc3 c5 4. cxd5 exd5 5. Nf3 cxd4 6. Nxd4 Nf6 7. Bg5 Be7 8.
e3 O-O 9. Be2 Be6 10. Qa4 Qb6 11. Qb5 Qxb5 12. Ncxb5 Bb4+ 13. Kf1 Ne8 14. a3
Bc5 15. Nb3 h6 16. Bh4 Nd7 17. Nxc5 Nxc5 18. Be7 Nb3 19. Rd1 Rc8 20. Bd3 a5 21.
Bxf8 Kxf8 22. f3 Kg8 23. Kf2 Nf6 24. Bb1 Rc6 25. Nd4 Nxd4 26. Rxd4 Rc8 27. Rhd1
Re8 28. Rc1 Re7 29. Bd3 g5 30. Rc5 b6 31. Rc6 Rb7 32. Bf5 Re7 33. g4 Nd7 34.
Bb1 b5 35. Ra6 a4 36. Ra5 Ne5 37. Rxb5 Nc4 38. Bc2 Bd7 39. Rbxd5 Nxe3 40. Rxd7
Nxc2 41. Rxe7 Nxd4 42. Ra7 Nc2 43. Rxa4 Kg7 44. Rc4 Na1 45. b4 Nb3 46. b5 Na5
47. b6 Kf6 48. Rc7 Kg6 49. b7 Nxb7 50. Rxb7 f6 51. a4 h5 52. gxh5+ 52... Kxh5 {
Hossa resigns} 1-0

[Event "ICS rated blitz match"]
[Site "207.99.83.229"]
[Date "1999.05.28"]
[Round "?"]
[White "PostModernist"]
[Black "Hossa"]
[Result "1-0"]
[WhiteElo "2546"]
[BlackElo "2533"]
[PlyCount "175"]

1. d4 Nf6 2. c4 e6 3. Nf3 Bb4+ 4. Bd2 Qe7 5. g3 Nc6 6. Nc3 d5 7. a3 Bxc3 8.
Bxc3 dxc4 9. Qa4 Ne4 10. Qxc4 O-O 11. Bg2 Bd7 12. Qd3 Nxc3 13. Qxc3 Rad8 14.
O-O-O Rfe8 15. h4 Qf6 16. h5 Qh6+ 17. e3 a6 18. Rh4 Ne7 19. Ne5 Nf5 20. Rh3 Ba4
21. b3 f6 22. Nc4 Bc6 23. Bxc6 bxc6 24. Na5 Rd6 25. Nxc6 Qg5 26. Rh2 Qg4 27.
Qc2 Qf3 28. Na5 Re7 29. Rd3 Qd5 30. Nc4 Rd8 31. Rc3 Nh6 32. Rh4 a5 33. Nd2 Rc8
34. Qe4 Qd8 35. Rc5 Ra8 36. Nc4 a4 37. b4 Nf5 38. Rh3 Ra6 39. Rc6 Qc8 40. g4
Nh6 41. d5 f5 42. gxf5 Rxc6 43. dxc6 Nxf5 44. Qd3 Nh6 45. Ne5 Nf7 46. Nd7 Qa8
47. Qc2 Nd8 48. Ne5 Nf7 49. Nd7 Nd8 50. Ne5 Nf7 51. Ng4 e5 52. Qc4 Kh8 53. h6
gxh6 54. Nxh6 Qf8 55. Nxf7+ Qxf7 56. Qxf7 Rxf7 57. f3 Rf5 58. Kd2 Kg7 59. e4
Rf6 60. b5 Kg6 61. Rg3+ Kf7 62. Kc3 h5 63. Kb4 Ke6 64. Kxa4 Kd6 65. Kb4 h4 66.
Rh3 Rh6 67. a4 Rh5 68. Kc4 Rh8 69. a5 Rh6 70. a6 Rh8 71. a7 Ra8 72. Rxh4 Rxa7
73. Rh6+ Ke7 74. b6 cxb6 75. Rh7+ Kd6 76. Rxa7 Kxc6 77. Re7 b5+ 78. Kb4 Kd6 79.
Re8 Kd7 80. Rxe5 Kc6 81. Rd5 Kb6 82. f4 Kb7 83. f5 Kb6 84. f6 Kc6 85. f7 Kb7
86. f8=Q Ka7 87. Rxb5 Ka6 88. Qa8# {Hossa checkmated} 1-0

[Event "ICS Rated blitz match"]
[Site "207.99.83.229"]
[Date "1999.05.29"]
[Round "?"]
[White "Hossa"]
[Black "Varguz"]
[Result "0-1"]
[WhiteElo "2518"]
[BlackElo "2804"]
[PlyCount "129"]

1. d4 d5 2. c4 c6 3. Nf3 Nf6 4. Qb3 e6 5. Bg5 dxc4 6. Qxc4 Be7 7. e3 O-O 8. Bd3
b6 9. Qc2 Ba6 10. Bxf6 Bxd3 11. Qxd3 Bxf6 12. O-O c5 13. Qe4 Na6 14. Nc3 cxd4
15. exd4 Rc8 16. Rad1 Nb4 17. Rfe1 Nd5 18. Nxd5 exd5 19. Qf5 g6 20. Qg4 Rc2 21.
Rb1 Qc7 22. a3 h5 23. Qg3 Qxg3 24. fxg3 Rfc8 25. h4 R8c4 26. Kh1 Kg7 27. Rf1 b5
28. b3 Rc6 29. a4 a6 30. axb5 axb5 31. Kh2 R6c3 32. Kh3 b4 33. Ra1 Rxb3 34. Ra5
Re3 35. Rxd5 b3 36. Rb1 b2 37. Rb5 Ree2 38. Rg1 Rf2 39. Rb3 Rc1 40. Rxb2 Rxg1
41. Rxf2 Rh1+ 42. Nh2 Bxd4 43. Rf1 Bg1 44. Rxg1 Rxg1 45. g4 hxg4+ 46. Nxg4 Re1
47. Kg3 Re4 48. Nf2 Ra4 49. Nh3 Kf6 50. Ng5 Ke7 51. Nh3 Kd6 52. Ng5 f6 53. Nf3
Kd5 54. Kh3 Ra3 55. Kg3 Ke4 56. Kf2 Kf4 57. Nd4 Ra2+ 58. Ne2+ Ke4 59. Ke1 Ke3
60. Nc3 Ra1+ 61. Nd1+ Kf4 62. Ke2 Rxd1 63. Kf2 Rd2+ 64. Ke1 Rxg2 65. Kd1 {
Hossa resigns} 0-1

[Event "ICS rated blitz match"]
[Site "207.99.83.229"]
[Date "1999.05.29"]
[Round "?"]
[White "MissSilicon"]
[Black "Hossa"]
[Result "1-0"]
[WhiteElo "2487"]
[BlackElo "2513"]
[PlyCount "159"]

1. e4 e5 2. Nf3 Nc6 3. Bc4 Nf6 4. Ng5 d5 5. exd5 Na5 6. Bb5+ c6 7. dxc6 bxc6 8.
Qf3 Qc7 9. h3 Be7 10. Nc3 h6 11. Nge4 O-O 12. Nxf6+ Bxf6 13. Ne4 Be7 14. Qc3
Rb8 15. Be2 Bb4 16. Qe3 f5 17. a3 Be7 18. Nc5 Qd6 19. b4 Qd4 20. Qxd4 exd4 21.
Na6 Bxa6 22. Bxa6 Rb6 23. Bd3 Nb7 24. Bb2 Bf6 25. Bxf5 c5 26. O-O Bg5 27. f4
Rxf5 28. fxg5 Rxg5 29. Rab1 Rbg6 30. Rf2 Rb6 31. Kh2 Rd5 32. c4 dxc3 33. dxc3
c4 34. Re1 Nd6 35. Bc1 Rd3 36. Re3 Nb5 37. Rf4 Rxc3 38. Rxc3 Nxc3 39. Rxc4 Nd5
40. Rd4 Rd6 41. Bf4 Rd8 42. a4 Kf7 43. Kg3 Ke6 44. b5 g5 45. Bc7 Rf8 46. Re4+
Kd7 47. Be5 Re8 48. Kf3 h5 49. g4 h4 50. Re1 Kc8 51. Re4 Kd7 52. Re2 Kc8 53.
Rc2+ Kb7 54. Bd4 Nf4 55. Rh2 Re6 56. a5 Nd5 57. a6+ Kb8 58. Rc2 Nf4 59. Rc5
Nxh3 60. Be5+ Rxe5 61. Rxe5 Kc7 62. Kg2 Nf4+ 63. Kh2 Kb6 64. Rxg5 Ne2 65. Rg7
Kxb5 66. Rxa7 Nc3 67. Ra8 Kb6 68. g5 Ne4 69. g6 Nf6 70. g7 Kc6 71. Rf8 Ng4+ 72.
Kh3 Nh2 73. g8=Q Kc5 74. Qg1+ Kc6 75. a7 Kb5 76. a8=Q Nf3 77. Qb7+ Kc4 78. Rc8+
Kd3 79. Qxf3+ Kd2 80. Qgf2# {Hossa checkmated} 1-0

[Event "ICS rated blitz match"]
[Site "207.99.83.229"]
[Date "1999.05.29"]
[Round "?"]
[White "egghead"]
[Black "Hossa"]
[Result "0-1"]
[WhiteElo "2457"]
[BlackElo "2511"]
[PlyCount "174"]

1. e4 c5 2. Nf3 d6 3. d4 cxd4 4. Nxd4 Nf6 5. Nc3 g6 6. Be3 Bg7 7. f3 O-O 8. Qd2
Nc6 9. Bc4 Bd7 10. h4 h5 11. O-O-O Nxd4 12. Bxd4 Rc8 13. Bd3 Be6 14. Qg5 a6 15.
Kb1 Qc7 16. Nd5 Bxd5 17. exd5 Rfe8 18. Rhe1 Red8 19. g4 Nh7 20. Qf4 Nf6 21.
gxh5 Nxh5 22. Qg4 Bxd4 23. Qxd4 Nf6 24. Rd2 Qa5 25. Bf1 Re8 26. f4 Qc5 27. Qd3
Qb4 28. Rde2 Qxf4 29. Rxe7 Qxh4 30. Qd1 Rxe7 31. Rxe7 Nxd5 32. Re2 Nf4 33. Qd4
d5 34. Re5 Qg3 35. Re3 Qh2 36. c3 Qh5 37. Ka1 b5 38. Qd2 f6 39. Qd4 Qf5 40. Qd2
Qg4 41. Qd4 Rf8 42. Re1 Qg3 43. Qd1 Qf2 44. Re7 Rd8 45. Kb1 Rb8 46. Qc1 a5 47.
Ka1 b4 48. c4 Rc8 49. Rd7 Qf3 50. Ra7 Nd3 51. Bxd3 Qxd3 52. Qh1 g5 53. cxd5 Qc2
54. Qb1 Qxb1+ 55. Kxb1 Rc5 56. d6 Rd5 57. Rd7 Kf8 58. Kc2 Ke8 59. Re7+ Kd8 60.
Re6 f5 61. Rg6 Kd7 62. Rxg5 Kxd6 63. Rg7 Ke5 64. Kb3 Ke4 65. Re7+ Re5 66. Rc7
f4 67. Rc4+ Ke3 68. a3 bxa3 69. bxa3 Rf5 70. Rc3+ Ke2 71. Rc2+ Kd1 72. Rf2 f3
73. Ka4 Ke1 74. Rc2 f2 75. Rc1+ Ke2 76. Rc2+ Ke3 77. Rc1 f1=Q 78. Rxf1 Rxf1 79.
Kxa5 Rb1 80. Ka6 Kd4 81. Ka7 Rb3 82. a4 Kd5 83. Ka8 Kc6 84. a5 Ra3 85. a6 Rxa6+
86. Kb8 Ra5 87. Kc8 87... Ra8# {egghead checkmated} 0-1

[Event "ICS rated blitz match"]
[Site "207.99.83.229"]
[Date "1999.05.29"]
[Round "?"]
[White "Hossa"]
[Black "rotov"]
[Result "1-0"]
[WhiteElo "2525"]
[BlackElo "2132"]
[PlyCount "73"]

1. d4 f5 2. g3 Nf6 3. Nf3 g6 4. Bg2 Bg7 5. O-O O-O 6. Bf4 d6 7. Nc3 Nbd7 8. Qc1
e6 9. Bh6 Qe7 10. Bxg7 Kxg7 11. Qg5 h6 12. Qd2 e5 13. Rad1 Rf7 14. dxe5 dxe5
15. a4 Rb8 16. Qe3 b6 17. Nb5 Bb7 18. Nxa7 Nc5 19. Nxe5 Bxg2 20. Kxg2 Rff8 21.
b4 Nce4 22. Nac6 Qe6 23. f3 Nd6 24. Nxb8 Rxb8 25. f4 Nfe4 26. Kg1 Ra8 27. Ra1
Nc4 28. Qb3 Ned6 29. a5 bxa5 30. Rxa5 Rxa5 31. bxa5 Qd5 32. Nxc4 Nxc4 33. Qc3+
Kf7 34. a6 Qb5 35. a7 Qb6+ 36. e3 Nxe3 37. Qb3+ {rotov resigns} 1-0

[Event "ICS rated blitz match"]
[Site "207.99.83.229"]
[Date "1999.05.29"]
[Round "?"]
[White "MissSilicon"]
[Black "Hossa"]
[Result "1-0"]
[WhiteElo "2511"]
[BlackElo "2528"]
[PlyCount "56"]

1. d4 Nf6 2. c4 d6 3. Nf3 g6 4. Nc3 Bg7 5. e4 Bg4 6. Qb3 Qc8 7. Bf4 e5 8. dxe5
Nh5 9. Be3 Bxf3 10. gxf3 dxe5 11. Bh3 f5 12. exf5 Rg8 13. fxg6 Qxh3 14. Qxb7
hxg6 15. Qxa8 Kf7 16. Ne4 Qd7 17. Rd1 Qc6 18. Qxc6 Nxc6 19. Rd7+ Ke6 20. Nc5+
Kf5 21. Rg1 Nf4 22. Rf7+ Bf6 23. Ne4 Nh5 24. Nxf6 Nxf6 25. Bg5 Ke6 26. Rxf6+
Kd7 27. f4 Rb8 28. b3 28... Rg8 {Hossa resigns} 1-0

[Event "ICS rated blitz match"]
[Site "207.99.83.229"]
[Date "1999.05.29"]
[Round "?"]
[White "Hossa"]
[Black "inmortal"]
[Result "0-1"]
[WhiteElo "2528"]
[BlackElo "2545"]
[PlyCount "103"]

1. d4 Nf6 2. c4 g6 3. Nc3 Bg7 4. e4 d6 5. Be2 O-O 6. Nf3 e5 7. O-O Nc6 8. d5
Ne7 9. b4 Nd7 10. Nd2 a5 11. b5 f5 12. f3 Bh6 13. Nb3 Bxc1 14. Rxc1 f4 15. a4
b6 16. Qe1 g5 17. Qf2 Ng6 18. Kh1 h5 19. Rce1 Qe7 20. Nc1 Nc5 21. Rg1 Bd7 22.
Qf1 Kh7 23. Bd1 Rg8 24. Nb3 Nb7 25. Be2 Rg7 26. Nc1 Rag8 27. Nd3 g4 28. fxg4
hxg4 29. Bd1 Qh4 30. g3 Qh6 31. gxf4 exf4 32. Re2 Ne5 33. Nxe5 dxe5 34. Bb3 Nc5
35. Ba2 g3 36. Reg2 Bh3 37. Ne2 Bxg2+ 38. Rxg2 Qh3 39. Ng1 Qh5 40. Qf3 Qxf3 41.
Nxf3 Nd3 42. hxg3 Rxg3 43. Rh2+ Kg7 44. Ng1 Rh8 45. Rxh8 Kxh8 46. c5 Nxc5 47.
Bb1 Nxa4 48. Bc2 Nc3 49. Kh2 Nxb5 50. Bd1 Nd4 51. Bh5 b5 52. Be8 {Hossa resigns
} 0-1

[Event "ICS rated blitz match"]
[Site "207.99.83.229"]
[Date "1999.05.29"]
[Round "?"]
[White "SSM"]
[Black "Hossa"]
[Result "0-1"]
[WhiteElo "2409"]
[BlackElo "2513"]
[PlyCount "128"]

1. e4 c5 2. c3 e6 3. d4 cxd4 4. cxd4 Nf6 5. e5 Bb4+ 6. Bd2 Nd5 7. Nc3 O-O 8.
Nxd5 Bxd2+ 9. Qxd2 exd5 10. Bd3 d6 11. Nf3 dxe5 12. Nxe5 f6 13. Nf3 Bg4 14. O-O
Bxf3 15. gxf3 Nc6 16. Rfe1 Qb6 17. Rad1 Rae8 18. Re3 Kh8 19. Bb1 Re7 20. Rxe7
Nxe7 21. Qd3 f5 22. b3 Qg6+ 23. Kh1 Nc6 24. Qb5 Qf7 25. Re1 Nxd4 26. Qd3 Nc6
27. Qxf5 Qxf5 28. Bxf5 g5 29. Bg4 Rd8 30. Rd1 Kg7 31. Kg2 Ne5 32. Kf1 Kf6 33.
Ke2 Ng6 34. Rc1 Nf4+ 35. Kd2 h5 36. Bxh5 Nxh5 37. Rc7 Rb8 38. Rd7 Nf4 39. Rh7
Kg6 40. Rd7 Kf5 41. Rh7 a5 42. h4 Kg6 43. Rd7 gxh4 44. Rd6+ Kf5 45. Rh6 h3 46.
Ke3 Re8+ 47. Kd4 Re2 48. Rh8 Rd2+ 49. Kc3 Rxf2 50. a3 Rxf3+ 51. Kd4 Rxb3 52. a4
Rb4+ 53. Kc5 Ke4 54. Rf8 Ne6+ 55. Kd6 Nxf8 56. Ke7 Ng6+ 57. Kf6 Ne5 58. Ke6
Rxa4 59. Kd6 Rc4 60. Ke7 Rc7+ 61. Kd6 Rc6+ 62. Ke7 Kf5 63. Kf8 Kf6 64. Ke8
64... Rc8# {SSM checkmated} 0-1

[Event "ICS rated blitz match"]
[Site "207.99.83.229"]
[Date "1999.05.29"]
[Round "?"]
[White "SuperChicken"]
[Black "Hossa"]
[Result "1-0"]
[WhiteElo "2710"]
[BlackElo "2524"]
[PlyCount "84"]

1. d4 Nf6 2. c4 g6 3. Nc3 Bg7 4. e4 d6 5. f3 Nc6 6. Be3 a6 7. Nge2 Rb8 8. Qd2
O-O 9. h4 b5 10. h5 bxc4 11. hxg6 fxg6 12. Nf4 Na5 13. Ncd5 c6 14. Nxe7+ Qxe7
15. Qxa5 g5 16. Qxg5 Rxb2 17. Nh5 Rf7 18. Bxc4 d5 19. Nxf6+ Rxf6 20. e5 Qb4+
21. Bd2 Rf5 22. Qd8+ Qf8 23. Qxf8+ Bxf8 24. Be2 c5 25. Bd3 Rf7 26. dxc5 Rg7 27.
Rh2 Bxc5 28. Rc1 Rc7 29. Bxh7+ Kg7 30. a3 Bb7 31. Bf5 Kg8 32. Be6+ Kf8 33. Rh8+
Ke7 34. Bf5 Rc6 35. Rxc5 Rxc5 36. Bg5+ Kf7 37. e6+ Kg7 38. Rh7+ Kg8 39. Rf7
Rc1+ 40. Bxc1 Rb6 41. Bh7+ Kh8 42. e7 42... Re6+ {Hossa resigns} 1-0

[Event "ICS rated blitz match"]
[Site "207.99.83.229"]
[Date "1999.05.29"]
[Round "?"]
[White "Hossa"]
[Black "jacdion"]
[Result "0-1"]
[WhiteElo "2516"]
[BlackElo "2809"]
[PlyCount "73"]

1. d4 d5 2. c4 e6 3. Nc3 Nf6 4. Bg5 Be7 5. Nf3 O-O 6. e3 h6 7. Bxf6 Bxf6 8. Bd3
dxc4 9. Bxc4 Nc6 10. Bb5 Bd7 11. O-O a6 12. Bxc6 Bxc6 13. e4 b5 14. Qc2 Bb7 15.
Ne2 Qd7 16. Rac1 Rfd8 17. Rfd1 Rac8 18. Ng3 g6 19. Ne5 Qd6 20. Qc5 h5 21. Qxd6
cxd6 22. Rxc8 Rxc8 23. Nd7 Bg7 24. e5 Rc7 25. Nf6+ Bxf6 26. exf6 Rc2 27. Nf1
Rxb2 28. Rd2 Rb1 29. Rc2 Bd5 30. Rc8+ Kh7 31. Rc7 Bc4 32. Rxf7+ Kh6 33. h4
Rxf1+ 34. Kh2 Rxf2 35. Rf8 g5 36. Rh8+ Kg6 37. Rg8+ {Hossa resigns} 0-1

[Event "ICS Rated blitz match"]
[Site "207.99.83.229"]
[Date "1999.05.29"]
[Round "?"]
[White "Hossa"]
[Black "MoonShot"]
[Result "1-0"]
[WhiteElo "2515"]
[BlackElo "2764"]
[PlyCount "155"]

1. e4 d5 2. exd5 Qxd5 3. Nc3 Qd6 4. d4 Nf6 5. Bd3 e5 6. dxe5 Qxe5+ 7. Nge2 Bb4
8. O-O O-O 9. Bf4 Qe7 10. Re1 Bg4 11. a3 Bc5 12. Qd2 Nc6 13. Nd4 Qd7 14. Nxc6
Qxc6 15. Nb5 Rac8 16. b4 Bb6 17. Be5 Rfe8 18. Qf4 Rcd8 19. Nd4 Bxd4 20. Bxd4 h5
21. Bxf6 Qxf6 22. Qxc7 Rb8 23. h3 Be6 24. Qc5 Rbd8 25. Qxh5 g6 26. Qh6 Re7 27.
Rad1 Rde8 28. Bb5 Rc8 29. Re2 a6 30. Bd3 Rd7 31. Rde1 Rd6 32. Be4 Rc7 33. Re3
Re7 34. a4 Rd4 35. c3 Rd6 36. h4 Bd7 37. h5 Rd2 38. Rf3 Rxe4 39. Rxe4 Qd6 40.
Rg3 Rd1+ 41. Kh2 Qf8 42. Qxf8+ Kxf8 43. hxg6 fxg6 44. Rxg6 Kf7 45. Rb6 Bc6 46.
Rf4+ Ke7 47. b5 axb5 48. axb5 Rb1 49. Rb4 Rxb4 50. cxb4 Bd5 51. Kg3 Kd7 52. Rf6
Ke7 53. Rg6 Be6 54. Rg7+ Bf7 55. Kh4 Kf6 56. Rg5 Ke7 57. b6 Kd6 58. b5 Bd5 59.
f4 Bc4 60. g4 Bb3 61. Rg7 Bd5 62. Rc7 Bf3 63. f5 Ke5 64. Kg5 Kd6 65. f6 Bd5 66.
f7 Bxf7 67. Rxf7 Kc5 68. Rxb7 Kxb5 69. Rc7 Kxb6 70. Rc1 Kb5 71. Kh5 Kb4 72. g5
Kb3 73. g6 Kb2 74. Rc7 Kb3 75. g7 Kb4 76. g8=Q Ka3 77. Qb8 Ka2 78. Ra7# {
MoonShot checkmated} 1-0

[Event "ICS rated blitz match"]
[Site "207.99.83.229"]
[Date "1999.05.29"]
[Round "?"]
[White "Hossa"]
[Black "summit"]
[Result "1/2-1/2"]
[WhiteElo "2544"]
[BlackElo "2353"]
[PlyCount "45"]

1. e4 d5 2. exd5 Nf6 3. c4 c6 4. dxc6 Nxc6 5. Nf3 e5 6. Nc3 Bb4 7. Be2 e4 8.
Ng5 Bxc3 9. dxc3 Qxd1+ 10. Bxd1 h6 11. Nh3 Bxh3 12. gxh3 Ne5 13. O-O Nxc4 14.
Ba4+ Kd8 15. f3 exf3 16. Rxf3 Rc8 17. Bb3 Rg8 18. Kh1 Rh8 19. Kg1 Rh7 20. Bc2
Rh8 21. Bb3 Rg8 22. Kh1 Rh8 23. Kg1 {Game drawn by repetition} 1/2-1/2

[Event "ICS rated blitz match"]
[Site "207.99.83.229"]
[Date "1999.05.29"]
[Round "?"]
[White "Hossa"]
[Black "k64"]
[Result "1-0"]
[WhiteElo "2536"]
[BlackElo "2137"]
[PlyCount "53"]

1. e4 c5 2. Nf3 d6 3. d4 cxd4 4. Nxd4 Nf6 5. Bd3 a6 6. Bg5 e6 7. Qd2 Be7 8. Nc3
Nc6 9. Nxc6 bxc6 10. O-O O-O 11. Rad1 d5 12. e5 Nd7 13. Bxe7 Qxe7 14. Qf4 f5
15. b3 c5 16. a4 Bb7 17. Qg3 Kh8 18. Rd2 Bc6 19. Rfd1 Rfb8 20. a5 Nf8 21. Ra1
Ng6 22. Ne2 Rb4 23. Qe3 Qb7 24. Qxc5 Nxe5 25. Bxa6 Qb8 26. Bc8 Ng4 27. Qf8# {
k64 checkmated} 1-0

[Event "ICS rated blitz match"]
[Site "207.99.83.229"]
[Date "1999.05.29"]
[Round "?"]
[White "egghead"]
[Black "Hossa"]
[Result "0-1"]
[WhiteElo "2429"]
[BlackElo "2539"]
[PlyCount "220"]

1. e4 c5 2. Nf3 d6 3. d4 cxd4 4. Nxd4 Nf6 5. Nc3 g6 6. Be3 Bg7 7. f3 O-O 8. Qd2
Nc6 9. Bc4 Bd7 10. h4 h5 11. O-O-O Nxd4 12. Bxd4 Rc8 13. Bd3 Be6 14. Qg5 a6 15.
Kb1 Qc7 16. Nd5 Bxd5 17. exd5 Rfe8 18. Rhe1 Red8 19. g4 Nh7 20. Qf4 Nf6 21.
gxh5 Nxh5 22. Qg4 Bxd4 23. Qxd4 Nf6 24. Rd2 Qa5 25. Bf1 Re8 26. f4 Qc5 27. Qd3
Qb4 28. Rde2 Qxf4 29. Rxe7 Qxh4 30. Qd1 Rxe7 31. Rxe7 Nxd5 32. Re2 Nf4 33. Qd4
d5 34. Re5 Qg3 35. Re3 Qh2 36. c3 Qh5 37. Ka1 b5 38. Re1 Qh4 39. Re5 Rf8 40.
Re2 Qg3 41. Rf2 Re8 42. Kb1 Re1+ 43. Kc2 g5 44. Kb3 Qe3 45. Qxe3 Rxe3 46. a4
Nd3 47. Bxd3 Rxd3 48. axb5 axb5 49. Rf5 Kg7 50. Rxg5+ Kf6 51. Rg2 Ke5 52. Re2+
Kf4 53. Kb4 f5 54. Kxb5 Kf3 55. Re5 f4 56. Kc5 Kg4 57. Re6 Kh3 58. c4 dxc4 59.
Kxc4 Rd1 60. Rf6 Rc1+ 61. Kd5 Kg4 62. Ke5 Rc5+ 63. Ke4 Rc4+ 64. Kd3 Rb4 65. Kc3
Rb5 66. b4 f3 67. Rg6+ Kf4 68. Rf6+ Ke4 69. Re6+ Kf5 70. Re7 Kf4 71. Rf7+ Kg4
72. Rg7+ Kh3 73. Rf7 Kg2 74. Rg7+ Kf2 75. Rg6 Rf5 76. Kd3 Kf1 77. Ke4 f2 78.
Kxf5 Ke1 79. Re6+ Kd2 80. Rd6+ Kc2 81. Rc6+ Kb2 82. Ke5 f1=Q 83. Rb6 Qf2 84.
Rb7 Qf3 85. Rd7 Qh5+ 86. Kd6 Qb5 87. Rf7 Qxb4+ 88. Ke5 Qb8+ 89. Ke6 Qg8 90. Ke7
Kc3 91. Rf6 Kd4 92. Rf5 Qc8 93. Rh5 Qc7+ 94. Ke6 Qd8 95. Rf5 Qe8+ 96. Kf6 Ke4
97. Rg5 Qf8+ 98. Kg6 Kf4 99. Rh5 Qe8+ 100. Kh6 Qg8 101. Ra5 Qf8+ 102. Kh7 Qe7+
103. Kh6 Qd6+ 104. Kh5 Qc7 105. Ra4+ Kf5 106. Kh6 Qc6+ 107. Kg7 Qxa4 108. Kf8
Kf6 109. Kg8 Qh4 110. Kf8 110... Qh8# {egghead checkmated} 0-1

[Event "ICS rated blitz match"]
[Site "207.99.83.229"]
[Date "1999.05.29"]
[Round "?"]
[White "Hossa"]
[Black "egghead"]
[Result "0-1"]
[WhiteElo "2550"]
[BlackElo "2418"]
[PlyCount "123"]

1. e4 c5 2. Nf3 e6 3. d4 cxd4 4. Nxd4 a6 5. Nc3 Qc7 6. g3 Nf6 7. Bg2 Nc6 8. O-O
Be7 9. Be3 O-O 10. Qd2 Ne5 11. Rad1 Nc4 12. Qc1 Bb4 13. Nde2 Nxe3 14. Qxe3 Qe5
15. a4 Ng4 16. Qd4 Qxd4 17. Rxd4 Bc5 18. Rdd1 d6 19. Nd4 Bb4 20. Na2 Ba5 21.
Nf3 Rd8 22. c4 Bd7 23. Rxd6 Bc7 24. Rd4 Bb6 25. Rd2 Bxa4 26. Nc3 Bb3 27. Bh3
Nf6 28. Rc1 Rac8 29. Rxd8+ Rxd8 30. e5 Ne8 31. Ne4 Rd3 32. Bg4 Kf8 33. Nfd2 Ba4
34. c5 Bc7 35. Nf3 Bc6 36. Re1 Rb3 37. Nfg5 Bxe5 38. Nxh7+ Ke7 39. Nd2 Rxb2 40.
Nc4 Bc3 41. Rd1 Ra2 42. Nb6 Bd2 43. Nc8+ Kd7 44. Nb6+ Kc7 45. Na8+ Kb8 46. Nb6
Rc2 47. h4 a5 48. Kh2 a4 49. Nf8 Kc7 50. Bxe6 Bf3 51. Bxf7 Bxd1 52. Ne6+ Kb8
53. Bxe8 a3 54. Ba4 Rc1 55. Bxd1 a2 56. Nd4 a1=Q 57. Nb3 Qb2 58. Na4 Qf6 59.
Nxc1 Qxf2+ 60. Kh3 Qf1+ 61. Kh2 Qxd1 62. Nb3 {Hossa resigns} 0-1